000 00526nam a2200217 4500
001 3135096
005 20180307092729.0
008 730604s1973 maua b 001 0 eng
010 _a 72097516
020 _a0913462012
040 _aDLC
_cDLC
_dDLC
041 _aeng
080 _a574.5 RIC
082 0 0 _a574.5 RIC
100 1 _a9
101 _aMJE
245 0 0 _aEcology
_c[by] Robert E. Ricklefs.
504 _aBibliography: p. 796-832.
906 _a7
_bcbc
_corignew
_d2
_eopcn
_f19
_gy-gencatlg
942 _2ddc
_cBK
999 _c44348
_d44348